000
00279nam a22001217a 4500
082
_a
620.1 HAN'F
100
_a
FLUGGE, W
_9
60630
245
_a
HANDBOOK OF ENGINEERING MECHANICS
250
_a
1ST
260
_a
NEWYORK
_b
MCGRAW HILL
_c
1962
300
_a
XXVI, 88-12P
942
_c
BK
999
_c
570315
_d
570315